Τ' αγόρια δεν κλαίνε

Αποθηκεύτηκε σε:
Λεπτομέρειες βιβλιογραφικής εγγραφής
Κύριος συγγραφέας: Askew, Sue
Άλλοι συγγραφείς: Ross, Carol (Carol S.), Τερζίδου, Μανίνα (trlf), Πολεμικός, Νικήτας Ε. (Συγγραφέας εισαγωγής κ.λπ.)
Μορφή: Βιβλίο
Γλώσσα:Greek
English
Δημοσίευση: Αθήνα : Ελληνικά Γράμματα, 1994.
Έκδοση:2η εκδ.
Θέματα:
Ετικέτες: Προσθήκη ετικέτας
Δεν υπάρχουν, Καταχωρήστε ετικέτα πρώτοι!

MARC

LEADER 00000cam a2200000 i 4500
001 1/86108
008 980324s1994 gr | ||| |||| ||gre||
020 |a 9607019512 
035 |a 1997  |b 3  |c Πολεμικός  |l 10034885 
040 |a GR-MY-UA  |b gre  |e aacr 
041 1 |a gre  |h eng 
082 7 |a 370.19345   |2 (22) 
100 1 |a Askew, Sue. 
245 1 3 |a Τ' αγόρια δεν κλαίνε /   |c S. Askew, C. Ross ; μετάφραση: Μανίνα Τερζίδου ; πρόλογος: Νικήτας Πολεμικός.  
250 |a 2η εκδ. 
260 |a Αθήνα :   |b Ελληνικά Γράμματα,   |c 1994.  
300 |a 156 σ. ;   |c 21 εκ.  
500 |a Τίτλος πρωτοτύπου: Boys don't cry: boys and sexism in education.  
504 |a Βιβλιογραφία : σ. [152]-156.  
650 0 0 |a Boys  |x Education  |z Great Britain. 
650 0 0 |a Sexism  |z Great Britain. 
700 1 |a Ross, Carol   |q (Carol S.) 
700 1 |a Τερζίδου, Μανίνα,  |e trlf 
700 1 |a Πολεμικός, Νικήτας Ε.  |e aui 
852 |a INST  |b RHODES  |e 19980324  |h 370.19345 ASK  |p 005400010929  |q 005400010929  |t BK  |y 0 
901 |a BIBL-1998-1 
909 |a Ρ  |b 051910 
970 |z 14/03/1998